Представление документа в формате RUSMARC

ПолеНазваниеЗначение
  Тип записи a
  Библиографический уровень m
001 Контрольный номер UONB/MAIN/db9d5077fbb249eeb1a6d0243af24ee5
005 Дата корректировки 20260423155633.5
100 Данные общей обработки __
a Данные общей обработки 20260423 ||| 0rusy0189 ca
101 Язык документа 0_
a Язык текста rus
102 Страна публикации __
a Страна публикации RU
200 Заглавие и сведения об ответственности 1_
a Заглавие Т. 30, № 2
210 Выходные данные 1_
d Дата издания 2026
461 Уровень набора _0
1 0016RU/IS/BASE/540733618
1 011
a 2076-8915
1 2001
a Проблемы развития территории
v Т. 30, № 2
1 2101
d 2026
686 Индексы других классификаций __
2 Код системы rubbk
801 Источник записи _0
a Страна RU
b Организация Ульяновская ОНБ
c Дата составления 20260203
g Правила каталогизации RCR
801 Источник записи _1
a Страна RU
b Организация Ульяновская ОНБ
c Дата составления 20260203
g Правила каталогизации RCR
901 Тип документа __
t Тип документа s
w Контрольный № источника RU/IS/BASE/540733618